000 00629nam a2200217 a 4500
001 BRCA_2584
005 20190320203857.0
008 271108s1923----enk#---###---#000-0#eng-#
084 _aNE654
_b.W35A4 1923
100 1 _aWaldmann, Emil
_97381
245 1 0 _aAlbrecht Altdorfer
_cby Emil Waldmann.
260 _aLondon
_bThe Medici Society
_c1923
300 _axiv, 116 p.
_bil.
_c26 cm.
440 0 _aThe Master of engraving and etching
_97382
500 _aA63
504 _aBibliografĂ­a : p. 13
600 1 4 _aAltdorfer, Albrecht
_d1488-1538
_97383
650 1 4 _aGrabadores alemánes
_97216
902 _aGFM
942 _2lcc
_cB
999 _c2324
_d2324